000 00496nam a2200169 i 4500
001 34717
003 ES-MaACL
005 20230906155001.0
007 t|
008 030207s1962 xxu ||||1| eng d
100 1 _aBoas, George.
_929635
245 1 4 _aThe critic as philosopher /
_cby George Boas.
260 _aTucson, Arizona :
_bThe University of Arizona,
_c[1962]
300 _a16 p. ;
_c23 cm.
710 2 _aUniversity of Arizona (
_cTucson)
_97500
852 _aES-MaACL
_j2042-F-22
_bR.57932
999 _c34717
_d34717